Bí quyết thành công những thương hiệu truyền thông hàng đầu thế giới

Cuốn sách là một quyển cẩm nang độc đáo và hữu ích trong giai đoạn thông tin toàn cầu hóa hiện nay. Quyển sách còn đề cập đến những thách thức mà các thương hiệu này đang phải đối mặt khi gia nhập xu thế tòan cầu hóa, cũng như những chi...

Popoln opis

Shranjeno v:
Bibliografske podrobnosti
Glavni avtor: Tungate, Mark
Drugi avtorji: Trung An, Lan Nguyên
Format: Knjiga
Jezik:Vietnamese
Izdano: TP Hồ Chí Minh Trẻ 2007
Teme:
Oznake: Označite
Brez oznak, prvi označite!
Thư viện lưu trữ: Thư viện Trường Đại học Nam Cần Thơ
LEADER 01449nam a22002177a 4500
001 NCT_61320
008 190309b xxu||||| |||| 00| 0 vie d
999 |c 2971  |d 2971 
020 |c 98000 
082 0 4 |2 23rd ed.  |a 658.827  |b T259 
100 1 |a Tungate, Mark 
245 1 0 |a Bí quyết thành công những thương hiệu truyền thông hàng đầu thế giới  |c Mark Tungate ; Trung An, Lan Nguyên (dịch) 
260 |a TP Hồ Chí Minh  |b Trẻ  |c 2007 
300 |a 431 tr.  |c 21cm 
520 3 |a Cuốn sách là một quyển cẩm nang độc đáo và hữu ích trong giai đoạn thông tin toàn cầu hóa hiện nay. Quyển sách còn đề cập đến những thách thức mà các thương hiệu này đang phải đối mặt khi gia nhập xu thế tòan cầu hóa, cũng như những chiến lược tiếp thị nhằm duy trì hình ảnh trước sự tấn công mạnh mẽ của công nghệ hiện đại khiến cho việc tiếp nhận thông tin trở nên bão hòa. 
653 |a Quan hệ công chúng (PR) 
700 1 |a Trung An 
700 1 |a  Lan Nguyên 
942 |2 ddc  |c BK 
952 |0 0  |1 0  |2 ddc  |4 0  |6 658_827000000000000_T259  |7 0  |9 16087  |a 000001  |b 000001  |d 2019-03-09  |o 658.827 T259  |p MD.14927  |r 2019-03-09  |v 98000.00  |w 2019-03-09  |y BK 
980 |a Thư viện Trường Đại học Nam Cần Thơ